| 000 | 00502 a2200169 4500 | ||
|---|---|---|---|
| 003 | OSt | ||
| 005 | 20240801151434.0 | ||
| 008 | 231017b |||||||| |||| 00| 0 eng d | ||
| 020 | _a2600442166900 | ||
| 040 | _coclc | ||
| 082 |
_a892.78 _bAAR/I |
||
| 100 |
_aAarifi,Abdin Rahmen _910458 |
||
| 245 |
_aISTHAMTHAH BI HAYATHIKA / _cDr Abdu rahmen aarifi |
||
| 260 |
_aEgypth: _bDhar thoufikiya lithuras, _c2009. |
||
| 300 | _a472p | ||
| 942 |
_2ddc _cBK _h892.78 _iAAR/I _k892.78 _mAAR/I |
||
| 999 |
_c42726 _d42726 |
||